000 00458cam a2200193ua 4500
020 _c10.60
041 _aeng
_h
082 _a823.308
_bRIC/PA
100 _aRichardsen, Samuel .
245 _aPamela /
_cSamuel Richardsen.
_hTextual Documents
250 _a1 /
_b.
260 _aLondon :
_bJ M Dent and Sons Ltd ,
_c1960.
300 _a468 ; .
365 _a10.60
504 _a
942 _cBK
999 _c8676
_d8676